Mecánica teórica

محفوظ في:
التفاصيل البيبلوغرافية
المؤلفون الرئيسيون: Carot, Jaume (مؤلف), Ibáñez Medrano, Jesús (مؤلف)
التنسيق: كتاب
اللغة:الإسبانية
منشور في: Barcelona Reverté 2010
الطبعة:1a. ed
الموضوعات:
الوسوم: إضافة وسم
لا توجد وسوم, كن أول من يضع وسما على هذه التسجيلة!

MARC

LEADER 00000cam a2200000 a 4500
001 UCG9691
003 CL-VaPUC
008 120330e20100000SP |||||||||||||||||spa|d
020 |a 9788483841228 
082 0 4 |a 531  |b CAR  |2 21 
100 0 |a Carot, Jaume  |e author  |9 561319 
700 |a Ibáñez Medrano, Jesús  |e author  |9 561320 
245 1 0 |a Mecánica teórica 
250 |a 1a. ed 
300 |a 225 p 
942 |c BK 
945 |d 20120330 00:00:00  |a cmena 
260 |a Barcelona  |b Reverté  |c 2010 
650 0 |a Física   |9 227844 
650 0 |a Mecánica   |9 260096 
650 0 |a Teoría de la relatividad   |9 266149 
650 0 |a Movimiento  |9 322237 
583 |a last modification  |c 20120330 10:33:00  |k Rodrigo Vera 
999 |c 347237  |d 347235 
952 |0 0  |1 0  |4 0  |6 531_000000000000000_CAR_2010  |7 0  |8 A  |9 448462  |a BIBCUR  |b BIBCUR  |d 2019-11-22  |i 4853539  |o 531 CAR 2010  |p 4853539  |r 2025-04-22  |w 2019-11-22  |y BK  |k FIS 
952 |0 0  |1 0  |4 0  |6 531_000000000000000_CAR_2010  |7 0  |8 A  |9 448463  |a BIBCUR  |b BIBCUR  |d 2019-11-22  |i 4853547  |l 7  |o 531 CAR 2010  |p 4853547  |r 2025-04-22  |s 2024-10-15  |w 2019-11-22  |y BK  |k FIS 
952 |0 0  |1 0  |4 0  |6 531_000000000000000_CAR_2010  |7 0  |8 A  |9 448464  |a BIBCUR  |b BIBCUR  |d 2019-11-22  |i 4853555  |l 1  |o 531 CAR 2010  |p 4853555  |r 2025-04-22  |s 2024-04-29  |w 2019-11-22  |y BK  |k FIS